| 000 | 00494nam a2200205Ia 4500 | ||
|---|---|---|---|
| 001 | 12409 | ||
| 003 | GE_BSU | ||
| 008 | 181216s||||||||xx |||||||||||||| ||und|| | ||
| 020 | _a9780002258463 | ||
| 040 | _cGE_BSU | ||
| 080 | _a821.111-32.1 | ||
| 100 | _aHill,Reginald. | ||
| 245 | _aDialogues of the dead:Paronomania! | ||
| 260 | _aLondon. | ||
| 260 | _bHarper Collins Publishers. | ||
| 260 | _c2001 | ||
| 300 | _a453p;24cm. | ||
| 653 | _aDialogues of the dead:Paronomania! | ||
| 942 | _cBK | ||
| 999 |
_c45583 _d45583 |
||